000 00437nam a22001817a 4500
003 OSt
008 250221b |||||||| |||| 00| 0 eng d
020 _a81-7635-164-4
041 _aeng
082 _a006.6
_bPET/3D
100 _aPeterson, Michael Tadd
_97213
245 _a3D Studio Max 2 Fundamentals
250 _a1st
260 _aNew Delhi:
_bTechmedia,
_c1998
300 _a529p.
700 _aMinton, Larry.
_97214
942 _cBK
999 _c19429
_d19429